LEADER 01493nam a2200337 i 4500 001 000000128984 003 CaOOAMICUS 005 20041002000000.0 008 041002s2004 it u000 u ita u 013 $a101717 020 $a88-452-1209-2 040 $aSeMil$bita 100 1 $aSloterdijk, Peter,$d<1947- >.$0(OLS)http://semarc/name/53609 240 10$aNicht gerettet. Versuche nach Heidegger.$0(OLS)http://semarc/title/190611 245 10$aNon siamo ancora stati salvati :$bSaggi dopo Heidegger /$cPeter Sloterdijk ; a cura di Anna Calligaris e Stefano Crosara. 260 $aMilano :$bBompiani,$c2004. 300 $a353 p. ;$c22 cm. 490 0 $aStudi Bompiani 490 0 $aFilosofia 600 14$aHeidegger, Martin <1889-1976>.$0(OLS)http://semarc/subject/986 650 4$aTecnica - Filosofia.$0(OLS)http://semarc/subject/6258 700 1 $aCrosara, Stefano.$0(OLS)http://semarc/name/53611 700 1 $aCalligaris, Anna.$0(OLS)http://semarc/name/53610 830 0$aStudi Bompiani.$0(OLS)http://semarc/title/9531 830 0$aFilosofia.$0(OLS)http://semarc/title/8053 850 $aSeMil 852 $aSeMil$W1$xVenegono$y1$m86 1.1 14 *$j83140$B83140$CSeMilBibl$Z2$F86989 $81 961 $aAcquisto: Àncora (Libreria) 996 $6020$a88-452-1209-2$9(OLS)http://semarc/number/115659 996 $6245$aNon siamo ancora stati salvati :$bSaggi dopo Heidegger$9(OLS)http://semarc/title/190610 996 $6260$aMilano :$bBompiani$9(OLS)http://semarc/publisher/29706 LEADER 01108nam a2200265 i 4500 001 000000242115 003 CaOOAMICUS 005 20150528000000.0 008 150528s2014 it u000 u ita u 013 $a221020 020 $a978-88-581-1079-9 040 $aSeMil$bita 100 1 $aPoliti, Marco.$0(OLS)http://semarc/name/48562 245 10$aFrancesco tra i lupi :$bil segreto di una rivoluzione /$cMarco Politi. 260 $aRoma [etc.] :$bGLF editori Laterza,$c2014. 300 $aVII, 253 p. ;$c21 cm. 490 0 $aI Robinson. Letture 600 04$aFrancesco I .$0(OLS)http://semarc/subject/15916 830 2$aI Robinson. Letture.$0(OLS)http://semarc/title/10756 850 $aSeMil 852 $aSeMil$W1$xVenegono$y1$m3A V 298$j192461$B192461$CSeMilBibl$Z2$F203875 $81 961 $aOmaggio: Ferraris, Alberto 996 $6020$a978-88-581-1079-9$9(OLS)http://semarc/number/249174 996 $6245$aFrancesco tra i lupi :$bil segreto di una rivoluzione$9(OLS)http://semarc/title/343876 996 $6260$aRoma [etc.] :$bGLF editori Laterza$9(OLS)http://semarc/publisher/31642